Responses for show #885 - Friday, June 10, 1988

Stephen Lebowitz game 1.

Contestants

[<< previous game]

Rick Kitchen, a computer systems analyst from Torrance, California

Stephen Lebowitz, a physician from Los Angeles, California

Greg McIntosh, an engineer from Hermosa Beach, California

[next game >>]

Jeopardy! Round responses

SHAKESPEAREAN SYNOPSES
THEME SONGS
BODIES OF WATER
PHYSICS
PEOPLE
"PO"POURRI
    $100 13
Hamlet

Rick
    $100 18
Mister Rogers

Rick
    $100 3
Black Sea

Rick
    $100 5
molecules

Greg
    $100 8
Spiro Agnew

Rick
    $100 19
pope

Rick
    $200 14
A Midsummer Night's Dream

Greg
    $200 24
(Alex: ...sometime.)

Dean Martin

Stephen
    $200 4
Bay of Biscay

Stephen
    $200 6
magnetism

Greg
    $200 9
Satchel

Stephen
    $200 20
Polish sausage

Rick
    $300 15
Romeo and Juliet

Stephen
    $300 25
Jack Benny

Stephen
    $300 1
Strait of Hormuz

Greg
    $300 28
relativity

Rick
    $800 10
Phil Silvers

Stephen
    $300 21
poker face

Greg
    $400 16
Othello

Rick
    $400 26
Kate Smith

Rick
    $400 2
Sea of Galilee

Rick
    $400 29
(Stephen: What is a cyclotron?)
(Alex: The superconducting supercollider particle accelerator.)

accelerator

GregStephen
    $400 11
Diane Sawyer & Ed Bradley

Rick
    $400 22
poet

Rick
    $500 17
The Merchant of Venice

Stephen
    $500 27
The Andy Griffith Show

Triple Stumper
    $500 7
St. Lawrence Seaway

Stephen
    $500 30
conductance (conductivity)

Stephen
    $500 12
Eddie Cantor

Stephen
    $500 23
Pocatello, Idaho

Stephen

Scores at the first commercial break (after clue 12):

Greg Stephen Rick
$600 $2,200 $1,000

Scores at the end of the Jeopardy! Round:

Greg Stephen Rick
$1,500 $4,100 $3,000

Double Jeopardy! Round responses

WOMEN IN HISTORY
WEATHER
FIRES
GERMAN COMPOSERS
RHETORIC
"IN" PLACES
    $200 2
(Alex: She was a pickpocket, yes.)

stealing

Rick
    $200 18
hurricane

Greg
    $200 14
London

Stephen
    $200 4
Bonn

Stephen
    $200 9
Greek

Stephen
    $200 27
Indianapolis

Greg
    $400 1
(Stephen: Who was Clara Barton?)

Florence Nightingale

StephenRick
    $400 19
deaths

Stephen
    $400 15
Nero

Rick
    $400 5
Richard Wagner

Stephen
    $400 10
the debating team

Stephen
    $400 28
Indonesia

Greg
    $600 3
(Rick: Who was Richard Nixon?)
(Greg: Who was Gerald Ford?)

Jimmy Carter

GregStephenRick
    $600 20
depression

Stephen
    $600 23
Los Angeles

Rick
    $600 6
Jacques Offenbach

Stephen
    $600 11
purple prose

Stephen
    $600 29
Inchon

Rick
    $800 16
Carlotta

Greg
    $800 21
isobar

Rick
    $800 24
Jamestown

Rick
    $800 7
Carl Orff

Stephen
    $800 12
"The Great Communicator"

Greg
    $800 30
Innsbruck

Rick
    $1,300 17
(Greg: Who is Mary Pitcher....Molly Pitcher?)
(Alex: On a Daily Double, we have to accept your first response.)

Molly Pitcher

Greg
    $1000 22
hoarfrost

Triple Stumper
    $2,000 25
(Alex: We've got a minute to go in the round.)

San Francisco

Rick
    $1000 8
Felix Mendelssohn

Stephen
    $1000 13
(Rick: What is a question?)
(Alex: Be more specific.)
(Rick: [no response])
(Greg: What is interrogatory?)

rhetorical question

GregRick
Triple Stumper
    $1000 26
Inverness

Stephen

Scores at the end of the Double Jeopardy! Round:

Greg Stephen Rick
$1,000 $10,700 $8,000

[wagering suggestions for these scores]

Final Jeopardy! Round responses

REPUBLICANS
(Alex: We hear a lot about them these days.)
GregWho is Andrew J
$998
RickWho is Howard Baker?
$5,999
StephenWho is Howard Baker?
$6,000
Howard Baker

Final scores:

Greg Stephen Rick
$2 $16,700 $13,999
3rd place: Ventura luggage New champion: $16,700 2nd place: a trip to Puerto Vallarta, Mexico

Game dynamics:

Coryat scores:

Greg Stephen Rick
$2,300 $10,200 $7,000
11 R,
3 W
(including 1 DD)
24 R
(including 1 DD),
2 W
21 R
(including 1 DD),
2 W

Combined Coryat: $19,500

The J! Archive is created by fans, for fans. The Jeopardy! game show and all elements thereof, including but not limited to copyright and trademark thereto, are the property of Jeopardy Productions, Inc. and are protected under law. This website is not affiliated with, sponsored by, or operated by Jeopardy Productions, Inc. Join the discussion at JBoard.tv.